Derecho matrimonial canónico: sustantivo y procesal

Guardado en:
Detalles Bibliográficos
Autores principales: Molina Meliá, Antonio (autor), Olmos Ortega, María Elena (Autor)
Formato: Libro
Lenguaje:español
Publicado: Madrid Civitas 1989
Edición:3a. ed
Materias:
Etiquetas: Agregar Etiqueta
Sin Etiquetas, Sea el primero en etiquetar este registro!

MARC

LEADER 00000nam a2200000 a 4500
001 UCV2320
003 CL-VaPUC
008 920519e19890000SP |||||||||||||||||spa|d
082 0 4 |a 262.94  |b MOL  |2 21 
100 |a Molina Meliá, Antonio  |e autor  |9 296592 
700 0 |a Olmos Ortega, María Elena  |e author  |9 296593 
245 1 0 |a Derecho matrimonial canónico: sustantivo y procesal 
250 |a 3a. ed 
300 |a 400 p 
942 |c BK 
945 |d 19920519 00:00:00 
260 |a Madrid  |b Civitas  |c 1989 
650 7 |a MATROMONIO  |2 CL-VaPUC  |9 257690 
650 0 |a Derecho y legislación   |9 255077 
650 0 |a Aspectos religiosos  |9 257320 
650 7 |a DERECHO CANONICO  |2 CL-VaPUC  |9 296594 
650 7 |a MATRIMONIO E IGLESIA CATOLICA  |2 CL-VaPUC  |9 296595 
583 |a last modification  |c 19920519 00:00:00  |k Rodrigo Vera 
999 |c 209945  |d 209943 
952 |0 0  |1 0  |4 0  |6 262_940000000000000_MOL_1989  |7 0  |8 A  |9 185846  |a BIBDER  |b BIBDER  |d 2019-11-14  |i 253293K  |l 2  |m 2  |o 262.94 MOL 1989  |p 253293K  |r 2023-03-10  |s 2021-11-05  |w 2019-11-14  |y BK  |k DER